000 00651nam a2200205 a 4500
001 000014822
005 20200929163915.0
008 100122s2008 dr a 001 j spa d
020 _a9789945403299
040 _aDO-SdBNP
_bspa
_cBNPHU
082 _a920
_bL795i
100 1 _aLoaces, Ysabel
_933575
245 1 0 _aIsaac :
_bun libro para no olvidarte /
_cYsabel Loaces.
260 _aSantiago de los Caballeros :
_bSociedarte,
_c2008.
300 _a111 p. :
_bil. ;
_c21 cm.
504 _aIncluye referencias bibliográficas [p. 111]
600 1 4 _aLOACES, YSABEL
_xRELATOS PERSONALES
_933576
600 1 4 _aLOACES, ISAAC ABRAHAM
_933577
049 _aBNPD
999 _c14403
_d14403